000 00508nam a2200169 a 4500
001 000029286
005 20200930055442.0
008 110414s2001 dr 000 0 spa d
040 _aDO-SdBNP
_bspa
_cBNPHU
082 _axxx
_bC392g, 2001
100 1 _aCela, Jorge
_97887
245 1 0 _aLa gestión participativa /
_cJorge Cela.
250 _a3a ed.
260 _aSanto Domingo :
_bCentro de Estudios Sociales Padre Juan Antonio Montalvo,
_c2001.
_fEditora Búho
300 _a50 p. ;
_c21 cm.
049 _aBNPD
999 _c28778
_d28778